Ship information questionnaire for gas carriers

Αποθηκεύτηκε σε:
Λεπτομέρειες βιβλιογραφικής εγγραφής
Συλλογικό Έργο: Oil Companies International Marine Forum, Society of International Gas Tanker & Terminal Operators
Μορφή: Βιβλίο
Γλώσσα:English
Δημοσίευση: London : Witherby & Co, Ltd., 1990
Θέματα:
Ετικέτες: Προσθήκη ετικέτας
Δεν υπάρχουν, Καταχωρήστε ετικέτα πρώτοι!

MARC

LEADER 00000nam a2200000 i 4500
001 1/66361
008 980909s1990 eng d
020 |a 0948691999 
035 |l 10029805 
040 |a GR-MY-UA  |b gre  |e aacr 
041 0 |a eng 
082 0 |a 623.8245001433 
110 1 |a Oil Companies International Marine Forum. 
245 1 0 |a Ship information questionnaire for gas carriers 
260 |a London :   |b Witherby & Co, Ltd.,   |c 1990 
300 |a vi, 26 σ. 
650 0 0 |a Tankers. 
650 0 0 |a Liquefied gases  |x Transportation. 
650 0 0 |a Questionnaires. 
710 2 |a Society of International Gas Tanker & Terminal Operators. 
852 |a INST  |b CHIOS  |e 19980909  |h 623.8245001433 SHI  |p 005200015610  |q 005200015610  |t BK  |y 0 
901 |a BIBL-1998-3 
909 |a Χ  |b 054857 
922 |a 2ΕΛΗ  |b 199809  |c ΤΝΕΥ  |d ΜΑΝΤΑΡΑΚΗΣ